000 00556nam a22001937a 4500
003 0
005 20231205102455.0
008 231205b xxu||||| |||| 00| 0 eng d
020 _a978-971-518-565-3
050 _aCL
_bWal192 2011
082 _aCL
_bWal192 2011
100 _aWallace, Lew
245 _aBen-Hur : a tale of the christ
_cLew Wallace
260 _aQuezon City
_bLampara Publishing House
_cc2011.
300 _a128 pages :
_bcolored illustrations ;
_c20cm.
504 _aIncludes glossary.
650 _aClassic stories.
942 _2lcc
_cBK
999 _c365710
_d365710